Les Diadoques - Statistiques

Statistiques générales
  • Ce quiz a été pris 86 fois
    85 depuis la dernière actualisation
  • Le résultat moyen est 6 sur 14
Statistiques - réponses
Pays Diadoque % Correct
Égypte Ptolémée
98%
Asie Mineure et Syrie (Phrygie, Lycie, Pamphylie) Antigone
89%
Babylonie et Perse Séleucos
78%
Macédoine Cassandre
75%
Thrace Lysimaque
75%
Accords de Babylone: Stratège d'Europe Antipater
69%
Tuteur du demi-frère d'alex et fils d'alex Cratère
47%
Commandant d'Asie Perdicas
33%
Cappadoce et Paphlagonie Eumène de Cardia
31%
Phrygie Hellespontique Léonnatos
9%
Médie Peithon
5%
Carie Asandros
4%
Médie Atropatène Atropatès
0%
Perside Peucestas
0%
Aucun quiz correspondant
Distribution des résultats
% des personnes avec chaque résultat
Percentile par nombre de réponses
Votre historique - résultats
Vous n’avez pas pris ce quiz depuis la dernière actualisation